Science Quiz

Random Science or Anatomy Quiz

Human Muscle Anatomy Quiz Stats

 Plays Quiz Updated Dec 16, 2017

Challenge
Share
Tweet
Score 0/25 Timer 10:00
257 Plays Today
% Correct
gluteus maximus
85.8%
pectoralis major
84.7%
biceps brachii
81.5%
deltoid
81.2%
rectus abdominis
80.9%
triceps brachii
76.4%
trapezius
76.3%
abdominal external oblique
75.6%
frontalis
74.6%
tibialis anterior
72.5%
latissimus dorsi
71.4%
gastrocnemius
71.3%
rectus femoris
63.6%
% Correct
sartorius
63.1%
brachioradialis
62.1%
vastus lateralis
61.8%
flexor carpi radialis
61.6%
extensor digitorum
57%
serratus anterior
55.7%
infraspinatus
55.2%
teres major
54.8%
vastus medialis
53.4%
semitendinosus
51.2%
brachialis
49.9%
biceps femoris
46.3%

You're not logged in!

Compare scores with friends on all Sporcle quizzes.
OR
Log In

You Might Also Like...

Show Comments

Extras

Top Quizzes Today


Score Distribution

Your Account Isn't Verified!

In order to create a playlist on Sporcle, you need to verify the email address you used during registration. Go to your Sporcle Settings to finish the process.

Report this User

Report this user for behavior that violates our Community Guidelines.

Details: